Empirical Research of Foreign Direct Investments Efficiency in the European Union on the Edge of Pandemic Outbreak

Štúdia sa zameriava na dopady pandémie COVID-19 na ekonomiku a priame zahraničné investície v krajinách Európskej únie. Pomocou analýzy konštantnej a premenlivej návratnosti modelov v mierke a Malmquistovho indexu produktivity sme merali efektívnosť využívania ekonomických zdrojov v súvislosti s pri...

Descripción completa

Guardado en:
Detalles Bibliográficos
Autor principal: Džogan, Milan
Otros Autores: Lacko, Roman, 1988-, Hajduová, Zuzana, 1974-
Formato: Capítulo de libro
Lenguaje:inglés
Materias:
Etiquetas: Agregar Etiqueta
Sin Etiquetas, Sea el primero en etiquetar este registro!

MARC

LEADER 00000naa a2200000 4500
001 0306514
005 20250204103943.6
041 0 |a eng 
044 |a US 
245 1 0 |a Empirical Research of Foreign Direct Investments Efficiency in the European Union on the Edge of Pandemic Outbreak  |c Milan Džogan, Roman Lacko, Zuzana Hajduová 
520 |a Štúdia sa zameriava na dopady pandémie COVID-19 na ekonomiku a priame zahraničné investície v krajinách Európskej únie. Pomocou analýzy konštantnej a premenlivej návratnosti modelov v mierke a Malmquistovho indexu produktivity sme merali efektívnosť využívania ekonomických zdrojov v súvislosti s priamymi zahraničnými investíciami a hrubým domácim produktom. Tieto účinnosti boli hodnotené v roku 2019, pred úplným vypuknutím COVID-19, a v roku 2020, keď bola neistota a dôsledky pandémie najvýraznejšie. 
610 2 0 |a pandémia 
610 2 0 |a konkurencieschopnosť 
610 2 0 |a investície priame zahraničné 
610 2 0 |a analýza empirická 
100 1 |a Džogan, Milan 
700 1 |a Lacko, Roman, 1988- 
700 1 |a Hajduová, Zuzana, 1974-